000 01064nam a22002537a 4500
005 20170124103101.0
010 _aB-075854
020 _c225.00
_a8188189014
035 _aB-075854
037 _bCen Lib/Ret
040 _aDPL
_bHN
082 _a
_bडोभाल
100 _aडोभाल, बल्लभ
_976942
245 _aवही एक अंत : कहानी संग्रह /
_cबल्लभ डोभाल
246 _aVahi ek Dobhal : kahani sangarh /
_bby Ballabh Dobhal
260 _aनयी दिल्ली
_bसत्साहित्य भंडार
_c2002
270 _a५७ बी, पॉकेट ए, फेज-2, अशोक विहार
_bनयी दिल्ली
_e110052
300 _a212पृ.
_c19सेमी (सजिल्द)
650 _a साहित्य--कथा
_942948
650 _aहिंदी--कहानियां
_92082
650 _a Literature--Fiction
_976943
650 _aHindi-- stories
_976944
942 _2ddc
_cHN
_h
_mडोभाल
999 _c117811
_d117811